Конституционное право России: учебник

Dades bibliogràfiques
Altres autors: Эбзеев Б. С. Борис Сафарович (редактор), Прудников А. С. Анатолий Семенович, Авсеенко В. И. Владимир Ильич
Sumari:Исключено из фонда НТБ ТПУ
Idioma:rus
Publicat: Москва, ЮНИТИ-ДАНА, 2010
Edició:4-е изд., перераб. и доп.
Format: MixedMaterials Llibre
KOHA link:https://koha.lib.tpu.ru/cgi-bin/koha/opac-detail.pl?biblionumber=188472

MARC

LEADER 00000nam0a2200000 4500
001 188472
005 20231031175006.0
010 |a 9785238018812 
035 |a (RuTPU)RU\TPU\book\204714 
090 |a 188472 
100 |a 20101209d2010 m y0rusy50 ca 
101 0 |a rus 
102 |a RU 
105 |a y j 000zy 
200 1 |a Конституционное право России  |e учебник  |f под ред. Б. С. Эбзеева; А. С. Прудникова; В. И. Авсеенко 
205 |a 4-е изд., перераб. и доп. 
210 |a Москва  |c ЮНИТИ-ДАНА  |d 2010 
215 |a 616 с. 
333 |a Исключено из фонда НТБ ТПУ 
702 1 |a Эбзеев  |b Б. С.  |g Борис Сафарович  |4 340 
702 1 |a Прудников  |b А. С.  |g Анатолий Семенович  |4 340 
702 1 |a Авсеенко  |b В. И.  |g Владимир Ильич  |4 340 
801 1 |a RU  |b 63413507  |c 20101209 
801 2 |a RU  |b 63413507  |c 20220615  |g RCR 
942 |c BK 
959 |a 89/20101208  |d 1  |e 500,00  |f ЧЗГЛ:1